|
|
|
|
| LEADER |
00000nam a22000007a 4500 |
| 005 |
20181226235056.0 |
| 007 |
cr|||| |||| |
| 008 |
181226s2018 br |||||s|||| 00||0 por d |
| 020 |
|
|
|a 978-85-361-9761-6
|
| 035 |
|
|
|a 22640
|
| 040 |
|
|
|a vLex
|
| 090 |
|
|
|c 8382
|d 8382
|
| 100 |
1 |
|
|a Marques de Lima, Francisco Gřson
|
| 245 |
1 |
0 |
|a Lei de Greve Anotada
|h [Recurso electrn̤ico] :
|b Lei n. 7.783/89 /
|c Francisco Gřson Marques de Lima
|
| 256 |
|
|
|a Servicio en ln̕ea
|
| 260 |
|
|
|a San Pablo:
|b LTR,
|c 2018
|
| 300 |
|
|
|a 1 recurso electrn̤ico
|
| 500 |
|
|
|a A reforma trabalhista nô alterou expres-samente a Lei de Greve. No entanto, verifica-se que lhe causou impacto, ante a alteraȯ̂ do art. 8ð da CLT, que trata da aplicaȯ̂ do Direito do Trabalho, e em face das novas regras sobre a negociaȯ̂ coletiva de trabalho. As modificaė̳s no Direito Processual do Trabalho podem repercutir nos Dissd̕ios Coletivos, como a reparaȯ̂ por danos processuais.
|
| 506 |
1 |
|
|a Disponible solo en los productos indicados
|d vLex Global
|d vLex Global (Academic Edition, excluding Law Schools)
|d vLex Global (U.S. Academic Edition, Law Schools)
|d vLex Global (U.S. Academic Edition, excluding Law Schools)
|d vLex Global (Academic Edition, Law Schools)
|
| 650 |
0 |
4 |
|a Derecho Laboral y Seguridad Social
|z Brasil
|
| 740 |
0 |
|
|a vLex Libros (Servicio en ln̕ea)
|
| 856 |
4 |
0 |
|u http://vlex.com/source/lei-de-greve-anotada-lei-n-7-783-89-22640
|z Acceso restringido
|
| 942 |
|
|
|c BOOK
|
| 999 |
0 |
|
|a Labor law and social security
|